Vplyv etnocentrizmu na správanie mladého slovenského spotrebiteľa
Etnocentrizmus a jeho aplikácia na spotrebiteľské správanie. Meranie miery etnocentrizmu, ktorá ovplyvňuje rozhodovanie mladých spotrebiteľov. Existujú názory, že globalizácia postupne eliminuje lokálne tradície a rozdiely v regiónoch, čo má za následok vytvorenie homogénnej svetovej kultúry.
Na minha lista:
| Autor principal: | |
|---|---|
| Formato: | Capítulo de Livro |
| Idioma: | eslovaco |
| Assuntos: | |
| Tags: |
Sem tags, seja o primeiro a adicionar uma tag!
|
MARC
| LEADER | 00000nla a2200000 4500 | ||
|---|---|---|---|
| 001 | 0243068 | ||
| 005 | 20240502073938.5 | ||
| 041 | 0 | |a slo | |
| 044 | |a SK | ||
| 245 | 1 | 0 | |a Vplyv etnocentrizmu na správanie mladého slovenského spotrebiteľa |c Marián Čvirik |
| 520 | |a Etnocentrizmus a jeho aplikácia na spotrebiteľské správanie. Meranie miery etnocentrizmu, ktorá ovplyvňuje rozhodovanie mladých spotrebiteľov. Existujú názory, že globalizácia postupne eliminuje lokálne tradície a rozdiely v regiónoch, čo má za následok vytvorenie homogénnej svetovej kultúry. | ||
| 610 | 2 | 0 | |a národ |
| 610 | 2 | 0 | |a národnosti |
| 610 | 2 | 0 | |a kultúra |
| 610 | 2 | 0 | |a globalizácia |
| 610 | 2 | 0 | |a spotrebitelia |
| 610 | 2 | 0 | |a správanie |
| 610 | 2 | 0 | |a správanie spotrebiteľa |
| 100 | 1 | |a Čvirik, Marián, 1992- | |